| 000 | 00635nam a2200241Ia 4500 | ||
|---|---|---|---|
| 003 | GCL | ||
| 008 | 140319s9999 xx 000 0 eng d | ||
| 040 |
_aGCL / _cGCL |
||
| 082 | 0 | 4 |
_a821.4 _bL M |
| 100 | 1 | _aLOW, LISA | |
| 245 | 1 | 0 |
_aMILTON THE METAPHYSICALS AND ROMANTICISM / _cLOW, LISA |
| 700 | 1 | _aHARDING, ANTHONY | |
| 260 |
_a[S.N] : _bCAMBRIDGE UNIVERSITY PRESS ، _c1994 |
||
| 300 | _a271 P | ||
| 650 | 0 | 4 | _aENGLISH POETRY |
| 650 | 0 | 4 | _aنايل سات |
| 650 | 0 | 4 | _aAPPRECIATION |
| 650 | 0 | 4 | _aHISTORY AND CRITICISM |
| 650 | 0 | 4 | _aGREAT BRITAIN |
| 650 | 0 | 4 | _aROMANTICISM |
| 650 | 0 | 4 | _aEARLY MODERN |
| 942 |
_2ddc _cBK |
||
| 999 |
_c25237 _d25237 |
||